000 00281nam a2200121Ia 4500
008 190216s9999||||xx |||||||||||||| ||und||
100 _aVasu Pradeep
245 0 _aThazhum Thakolum
260 _bPoorna Pubs Kozhikode
300 _a131
650 _aMalayalam Nadakam
942 _cBK
999 _c28254
_d28254